| 000 | 00796nam a2200229 i 4500 | ||
|---|---|---|---|
| 001 | 69509 | ||
| 003 | ES-MaACL | ||
| 005 | 20230906170534.0 | ||
| 007 | t| | ||
| 008 | 040707s1975 sp ||||1| spa d | ||
| 020 | _a84-229-0175-7 | ||
| 100 | 1 |
_aGarcía Delgado, José Luis. _954528 |
|
| 245 | 1 | 0 |
_aOrígenes y desarrollo del capitalismo en España _b: notas críticas / _cJ.L. García Delgado. |
| 260 |
_aMadrid : _bCuadernos para el Diálogo, _c1975. |
||
| 300 |
_a299 p. ; _c18 cm. |
||
| 490 | 1 |
_aDivulgación universitaria. Cuestiones españolas ; _v76 |
|
| 650 | 0 | 0 |
_aCapitalismo- _zEspaña. _910763 |
| 710 | 2 |
_aCuadernos para el Diálogo. _93333 |
|
| 830 | 1 |
_aDivulgación universitaria. Cuestiones españolas ; _v76 _9176519 |
|
| 852 |
_aES-MaACL _jE-7431 |
||
| 999 |
_c69509 _d69509 |
||